| 000 | 00764cam a2200217 4500 | ||
|---|---|---|---|
| 001 | WB3604-24 | ||
| 008 | 000000n2000 000 0 eng u | ||
| 035 | _a(Sirsi) u103797 | ||
| 245 | 4 | _aThe art of deception | |
| 260 | _c2000 | ||
| 490 |
_aEstates Gazette _v(0003) 22 January 2000, 126(1) |
||
| 520 | _aConsiders the scope of the Property Misdescriptions Act 1991 s1(1), focusing on the recent case of "Lewin (Trading Standards Officer) v Barratt Homes Ltd [1999]. | ||
| 590 | _aWB | ||
| 650 | _aLEWIN (TRADING STANDARDS OFFICER) V BARRATT HOMES LTD | ||
| 650 | _aPROPERTY MISDESCRIPTIONS ACT 1991 S1(1) | ||
| 650 | _aSHOW HOUSES | ||
| 650 | _aNEW HOUSES | ||
| 650 | _aMISLEADING STATEMENTS | ||
| 690 | _aPROPERTY AND LAND LAW-AGENCY | ||
| 942 | _n0 | ||
| 999 |
_c62329 _d62329 |
||